| 000 | 00676nam a2200205Ia 4500 | ||
|---|---|---|---|
| 003 | GCL | ||
| 005 | 20240530110042.0 | ||
| 008 | 140319s9999 xx 000 0 ara d | ||
| 040 |
_aGCL / _cGCL |
||
| 082 | 0 | 4 |
_a330.1/ _bز م |
| 100 | 0 | _aزينب حسين عوض الله | |
| 245 | 1 | 0 |
_aمبادئ علم الاقتصاد / _cزينب حسين عوض الله |
| 260 |
_aبيروت : _bالدار الجامعية ، _c0 |
||
| 300 |
_a465 ص ؛ _c26سم |
||
| 650 | 0 | 4 | _aالاقتصاد - نظريات |
| 650 | 0 | 4 | _aالاقتصاد - مذاهب |
| 650 | 0 | 4 | _aالاقتصاد المفتوح |
| 650 | 0 | 4 | _aالاقتصاد - تعليم وتدريس |
| 942 |
_2ddc _cBK |
||
| 999 |
_c58221 _d58221 |
||